000 00895cam a22002773a 4500
001 2940
003 PGUSA
005 20140828083023.0
008 011101s2001||||xxu|||||s|||||000 | eng d
040 _aPGUSA
_beng
042 _adc
050 4 _aHM
050 4 _aBJ
100 1 _aHuxley, Thomas Henry,
_d1825-1895
245 1 0 _aEvolution and Ethics, and Other Essays
_h[electronic resource] /
_cThomas Henry Huxley
260 _bProject Gutenberg,
_c2001
505 0 _aEvolution and ethics: prolegomena -- Evolution and ethics -- Science and morals -- Capital, the mother of labour -- Social diseases and worse remedies.
506 _aPublic domain in the USA.
516 _aElectronic text
653 _aSalvation Army
653 _aEthics, Evolutionary
653 _aCapital
830 0 _aProject Gutenberg
_v2940
856 4 0 _uhttp://www.gutenberg.org/ebooks/2940
942 _cEB
999 _c232270
_d232270